000 00356nam a2200145Ia 4500
008 230917s9999||||xx |||||||||||||| ||und||
040 _e64095
_aMAIN
041 _aEnglish
082 _a514 J781I
100 _aJoshi, K D
245 0 _aIntroduction to general topology
260 _aNew Delhi
_bWiley Eastern
_c1986
300 _axii, 412 p.
942 _cBK
999 _c56411
_d56411